000 00465nam a2200133Ia 4500
008 170419s9999 xx 000 0 und d
100 _aGray, Emily Ann.
245 _aDischarge by 11:00am: the significance of discharge planning
245 _cEmily Ann Gray, Lawrence Santiago, Mariane Ivy Dimalanta, Jacquelyn Maxton, and Harriet
260 _bJanetti Publications Inc.
260 _c2016
300 _aNovember/December 2016
440 _aMedsurg Nursing
_v25:6
999 _c329544
_d329544